[Event "45th Olympiad Budapest 2024"]
[Site "Budapest"]
[Date "2024.09.11"]
[Round "1"]
[Board "2"]
[White "Saiful Azmi, Nur Farzana"]
[Black "Zhang, Jilin"]
[Result "0-1"]
[WhiteElo "1533"]
[BlackElo "2155"]
[PlyCount "50"]
[EventDate "2024.09.11"]
[EventType "team-tourn"]
[EventRounds "11"]
[EventCountry "HUN"]
[WhiteTeam "Brunei Darussalam"]
[BlackTeam "Australia"]
[BlackTeamCountry "AUS"]

1. d4 Nf6 2. Bf4 d6 3. Nf3 g6 4. e3 Bg7 5. Bd3 O-O 6. O-O Nbd7 7. c4 ({RR} 7. h3 Qe8 8. Bh2 e5 9. dxe5 dxe5 10. e4 Nh5 11. Nc3 c6 12. a4 Qe7 13. Qc1 Re8 14. Bc4 h6 15. Qe3 Qf6 16. Rfd1 Nf4 17. Ne2 g5 18. a5 Nf8 19. Rd2 N8g6 20. Rad1 Bf8 21. c3 Kg7 {½-½ Gagunashvili,M (2588)-Mchedlishvili,M (2601) GEO-ch 76th Tbilisi 2017 (8)}) 7... Qe8 8. h3 $146 ({RR} 8. Bc2 e5 9. Bg3 Nh5 10. Nc3 Nxg3 11. hxg3 f5 12. dxe5 Nxe5 13. Nxe5 Qxe5 14. Rb1 Be6 15. Bb3 c6 16. Qd3 Rfd8 17. Ne2 Bf7 18. Nd4 a6 19. Rfd1 Qe7 20. Rd2 c5 21. Ne2 b5 22. Nf4 d5 {½-½ Johansen,O (2145)-Elsness,F (2438) NOR-chT2 Moss 2005 (1)}) ({RR} 8. Re1 e5 9. dxe5 dxe5 10. Nc3 exf4 11. exf4 Qd8 12. Qc2 c6 13. f5 Nc5 14. Rad1 Nxd3 15. Qxd3 Qxd3 16. Rxd3 Bxf5 17. Rdd1 Rfe8 18. h3 Rxe1+ 19. Rxe1 Re8 20. Rd1 h5 21. Na4 Ne4 22. Nh4 b5 {0-1 Li,Y (1401)-Fominykh,M (2136) Asian Rapid Teams 2024 (1.23)}) ({RR} 8. Bg3 e5 9. dxe5 dxe5 10. Bc2 Qe7 11. Nc3 c6 12. Qd2 Re8 13. Rfd1 Bf8 14. Bb3 h6 15. Qc2 Kg7 16. Rd2 Qb4 17. a3 Qa5 18. Rad1 Nc5 19. Ba2 Bf5 20. Qc1 Nd3 21. Rxd3 Bxd3 22. b4 Qa6 {1-0 Bauer,C-Krannich,H RH-op Ingelheim 1998}) ({RR} 8. Nc3 e5 9. Bg5 e4 10. Bxf6 Nxf6 11. Ng5 exd3 12. Qxd3 h6 13. Nf3 Bf5 14. Qd1 Ne4 15. Ne2 Bg4 16. Qd3 Bxf3 17. gxf3 Ng5 18. f4 Qe4 19. Qxe4 Nxe4 20. Rad1 Kh7 21. b4 f5 22. f3 Nf6 {0-1 Ongut,S (1559)-Hegedus,D (1676) Budapest Art Pub Cup 4th 2014 (7)}) 8... e5 9. dxe5 dxe5 10. Nxe5 Nxe5 11. Bxe5 Qxe5 12. Nc3 Bf5 13. Re1 Bxd3 14. Qxd3 Rad8 15. Qe2 Ne4 16. Rac1 Rd2 17. Qf3 Nxf2 18. Re2 Rxe2 19. Qxe2 Ne4 20. Qf3 Nxc3 21. bxc3 b6 22. Qd5 Qxe3+ 23. Kf1 Qxc1+ 24. Ke2 Re8+ 25. Kf3 Qe3+ 0-1

[Event "45th Olympiad Budapest 2024"]
[Site "Budapest"]
[Date "2024.09.11"]
[Round "1"]
[Board "3"]
[White "Shen, Zhiyuan"]
[Black "Hussin, Fazreena"]
[Result "1-0"]
[WhiteElo "1969"]
[BlackElo "1700"]
[PlyCount "55"]
[EventDate "2024.09.11"]
[EventType "team-tourn"]
[EventRounds "11"]
[EventCountry "HUN"]
[WhiteTeam "Australia"]
[BlackTeam "Brunei Darussalam"]
[WhiteTeamCountry "AUS"]

1. e4 e6 2. d4 d5 3. Nd2 Nf6 4. e5 Nfd7 5. Bd3 c5 6. c3 Nc6 7. Ne2 f6 8. exf6 Nxf6 9. Nf3 Bd6 10. O-O O-O 11. Bg5 ({RR} 11. dxc5 Bxc5 12. Ned4 Bd6 13. Ng5 Qe8 14. f4 Nxd4 15. cxd4 Bd7 16. Re1 h6 17. Nh3 Ne4 18. Qe2 Bc6 19. g3 Bb4 20. Rf1 Ba5 21. Nf2 Qg6 22. Be3 h5 23. Qf3 Bc7 24. Rac1 Rad8 25. b4 a6 {1-0 Kotsur,P (2505)-Djurhuus,R (2505) Olympiad-32 Yerevan 1996 (12.3)}) 11... Qb6 ({RR} 11... Qc7 12. Bh4 e5 13. dxe5 Nxe5 14. Nxe5 Bxe5 15. Bg3 Bg4 16. Qd2 Rae8 17. f3 Bd7 18. Rae1 Qb6 19. Kh1 Re7 20. Bxe5 Rxe5 21. Ng3 Rfe8 22. Rxe5 Rxe5 23. Rf2 c4 24. Bc2 g6 25. Bd1 Re3 26. Re2 {1-0 Khurelbaatar,D-Tuvsanaa,N (2139) Asian Seniors +50 2024 (8.3)}) 12. b3 Ne4 $146 ({RR} 12... e5 13. dxe5 Nxe5 14. Nxe5 Bxe5 15. Qc2 h6 16. Bh4 Bg4 17. Bg3 Bxe2 18. Bxe2 Bxg3 19. hxg3 Rae8 20. Bf3 Re5 21. Rfe1 Rfe8 22. Qd2 Qe6 23. Rxe5 Qxe5 24. Rd1 Rd8 25. c4 d4 26. Bxb7 Re8 27. Bf3 {½-½ Vescovi,G (2260)-Pereyra Arcija,D Wch U14 Warsaw 1991 (11)}) ({RR} 12... cxd4 13. cxd4 e5 14. Bc2 e4 15. Ne5 Nxe5 16. dxe5 Bxe5 17. Bxf6 Qxf6 18. Qxd5+ Be6 19. Qxe4 Bxa1 20. Qxh7+ Kf7 21. Qh5+ g6 22. Qb5 b6 23. f4 Bd4+ 24. Kh1 Kg7 25. Qd3 Rad8 26. Qg3 Rd5 27. Nxd4 {0-1 Ismayil,M (1997)-Tarasenka,A (2070) AZE-BLR U16 Online Battle blitz 2020}) 13. Bxe4 dxe4 14. Nd2 cxd4 15. Nxe4 Be5 16. cxd4 Nxd4 17. Rc1 Nxe2+ 18. Qxe2 Bd7 19. Be3 Bb5 20. Qh5 Rf5 21. Ng5 Rxg5 22. Qxg5 Bf6 23. Qg4 Qa6 24. Rfe1 Re8 25. Bg5 e5 26. Bxf6 Qxf6 27. Rc8 Kf7 28. Rxe8 1-0

[Event "45th Olympiad Budapest 2024"]
[Site "Budapest"]
[Date "2024.09.11"]
[Round "1"]
[Board "1"]
[White "Jambo, Linda"]
[Black "Mendoza, Shania Mae"]
[Result "0-1"]
[WhiteElo "1629"]
[BlackElo "2013"]
[PlyCount "74"]
[EventDate "2024.09.11"]
[EventType "team-tourn"]
[EventRounds "11"]
[EventCountry "HUN"]
[WhiteTeam "Malawi"]
[BlackTeam "Philippines"]
[WhiteTeamCountry "MWI"]
[BlackTeamCountry "PHI"]

1. e4 e5 2. Nf3 Nc6 3. Bb5 Nf6 4. d3 d6 5. Bxc6+ bxc6 6. Nc3 Be7 ({RR} 6... c5 7. O-O Bg4 8. h3 Bh5 9. Be3 Be7 10. a3 a5 11. Rb1 O-O 12. Qd2 Bxf3 13. gxf3 c6 14. f4 exf4 15. Bxf4 Nh5 16. Bh2 Qd7 17. Qe3 f5 18. e5 dxe5 19. Qxe5 Rf6 20. Qe2 Rh6 21. Rfe1 {½-½ Comp Quest-Cifuentes Parada,R (2485) The Hague AEGON 1993 (3)}) 7. O-O O-O 8. h3 ({RR} 8. Bg5 Ba6 9. Nh4 h6 10. Bxf6 Bxf6 11. Na4 Bxh4 12. g3 Qg5 13. Kh1 Bxg3 14. fxg3 Bc8 15. h4 Qxg3 16. Rf3 Qxh4+ 17. Kg1 Bg4 18. Qf1 Bxf3 19. Qxf3 Rae8 20. Kf1 Re6 21. Qg2 Rg6 22. Qe2 Qh1+ {0-1 Lanowy,M-Przygoda,M POL-ch U08 Poland 2022 (7)}) 8... Re8 $146 ({RR} 8... h6 9. Nh2 d5 10. exd5 cxd5 11. Qf3 c6 12. Qg3 Nh5 13. Qxe5 Bg5 14. Bxg5 Qxg5 15. Qxg5 hxg5 16. g4 Nf4 17. Nf3 Nxh3+ 18. Kh2 Bxg4 19. Kg3 Bxf3 20. Kxf3 f5 21. Kg3 d4 22. Ne2 Nf4 23. Nxd4 {0-1 Hanna,F-Qako,S Quebec-ch U10 2001 (2)}) ({RR} 8... Ba6 9. Bg5 h6 10. Bxf6 Bxf6 11. Qd2 Rb8 12. b3 Re8 13. Rfe1 Qd7 14. Red1 Rbd8 15. Rab1 Qe6 16. Qe3 Ra8 17. d4 exd4 18. Nxd4 Bxd4 19. Qxd4 Bb7 20. Rd3 c5 21. Qe3 Bxe4 22. Nxe4 Qxe4 23. Qxe4 {0-1 Weiss,A-Blokisch,T Dortmund Dreikoenig-B 2003 (7)}) ({RR} 8... Bd7 9. d4 exd4 10. Qxd4 Re8 11. Be3 Qc8 12. e5 dxe5 13. Nxe5 c5 14. Qc4 Be6 15. Qa4 Bxh3 16. gxh3 Qxh3 17. Qf4 Bd6 18. Qf3 Qh4 19. Ne4 Bxe5 20. Nxf6+ gxf6 21. Qg2+ Kh8 22. Rfd1 Rg8 23. Qxg8+ {1-0 Camon Botella,L-Rodriguez Azcarate,D Asturias-ch1 2000 (3)}) 9. Re1 Bf8 10. Bg5 h6 11. Bh4 Rb8 12. Rb1 g5 13. Bg3 Bg7 14. Nd2 Be6 15. a3 Nd7 16. b4 Nf8 17. Ne2 Ng6 18. c4 Qd7 19. Qa4 f5 20. exf5 Bxf5 21. Ne4 Nf4 22. Bxf4 exf4 23. f3 d5 24. Nc5 Qd6 25. Rbd1 Re3 26. Qc2 Rbe8 27. Qd2 Qe7 28. d4 Rxe2 29. Rxe2 Qxe2 30. Qxe2 Rxe2 31. cxd5 cxd5 32. Nd3 Re3 33. Ne5 Bxe5 34. dxe5 Bd3 35. a4 Kf7 36. Rd2 Re1+ 37. Kf2 Rf1# 0-1

[Event "45th Olympiad Budapest 2024"]
[Site "Budapest"]
[Date "2024.09.11"]
[Round "1"]
[Board "2"]
[White "Frayna, Janelle Mae"]
[Black "Namangale, Susan"]
[Result "1-0"]
[WhiteElo "2216"]
[BlackElo "1521"]
[PlyCount "85"]
[EventDate "2024.09.11"]
[EventType "team-tourn"]
[EventRounds "11"]
[EventCountry "HUN"]
[WhiteTeam "Philippines"]
[BlackTeam "Malawi"]
[WhiteTeamCountry "PHI"]
[BlackTeamCountry "MWI"]

1. d4 d6 2. e4 b6 3. c4 ({RR} 3. Nc3 Bb7 4. Bc4 Nf6 5. Qe2 e6 6. Nf3 Be7 7. h4 h6 8. Bb3 d5 9. exd5 Nxd5 10. Bd2 Bb4 11. Ne5 Nxc3 12. bxc3 Bd6 13. Nxf7 Kxf7 14. Qxe6+ Kf8 15. Qf7# {1-0 Ehlvest,J (2536)-Kapp,V Puhajarve rap op 18th rapid 2017 (2)}) ({RR} 3. Nf3 g6 4. Nc3 Bg7 5. Nd5 Nf6 6. Nxf6+ Bxf6 7. Bc4 O-O 8. O-O c6 9. Qe2 Bg7 10. h3 Qc7 11. e5 dxe5 12. dxe5 b5 13. e6 bxc4 14. exf7+ Rxf7 15. Qxc4 Nd7 16. Ng5 Ne5 17. Qd4 c5 {1-0 Fatma Faisal,A (1039)-Echimescu,O (1061) Sharjah Cup Qual (Women) 11th blitz 2021 (2)}) 3... Nf6 $146 ({RR} 3... Bb7 4. Nc3 g6 5. Nf3 Bg7 6. Be2 e6 7. O-O Nd7 8. Be3 Ne7 9. Qd2 c6 10. Bh6 Rg8 11. Qf4 Qc7 12. Ng5 O-O-O 13. Qxf7 Bxh6 14. Nxe6 Qb8 15. Qxe7 Rde8 16. Qh4 Bd2 17. d5 g5 18. Qxh7 {1-0 Rasmussen,P-McShane,R Politiken Cup 25th 2003 (7)}) ({RR} 3... c5 4. Be3 g6 5. Nf3 Bg7 6. Bd3 Nc6 7. Bc2 Nf6 8. h3 O-O 9. Nc3 Re8 10. O-O e6 11. d5 Na5 12. Qe2 Nd7 13. Qd3 Ne5 14. Nxe5 Bxe5 15. Rad1 Bd7 16. f4 Bg7 17. Bf2 exd5 18. cxd5 {0-1 Pozzi,G (1440)-Conca,M (1646) Crema op 06th 2004 (2)}) ({RR} 3... e6 4. Nc3 Be7 5. Nf3 Bb7 6. Bd3 Nd7 7. O-O e5 8. d5 Nc5 9. Bc2 Nf6 10. Qe2 Bc8 11. h3 O-O 12. Ne1 Ncd7 13. Nd3 Nc5 14. f4 Nxd3 15. Bxd3 exf4 16. Bxf4 Nd7 17. Rae1 Ne5 18. Nb5 {½-½ Stojanovic,M (2007)-Dosenovic,D Belgrade-chT Quality 2011 (3)}) 4. Nc3 g6 5. Bd3 Bg7 6. Nge2 O-O 7. O-O Nc6 8. f4 Bg4 9. h3 Bh5 10. Qa4 Na5 11. Ng3 e5 12. fxe5 dxe5 13. d5 Nb7 14. Be3 c5 15. Qc2 h6 16. a3 Qd7 17. Rf2 Qe7 18. Raf1 Nd6 19. b4 Nb7 20. Qb3 Rab8 21. Qa4 a5 22. bxa5 Nxa5 23. Rb1 Rb7 24. Rb5 Qd6 25. Rfb2 Rfb8 26. Qc2 Ra7 27. Bxc5 Qc7 28. Na4 Nd7 29. Bxb6 Nxb6 30. Rxb6 Nb7 31. c5 Bf8 32. d6 Bxd6 33. cxd6 Qxc2 34. Bxc2 Kf8 35. R2b4 Ke8 36. Bb3 Kd7 37. Nxh5 gxh5 38. Bxf7 h4 39. Bd5 Kc8 40. Be6+ Kd8 41. Nc5 Ke8 42. Rxb7 Raxb7 43. Rxb7 1-0

[Event "45th Olympiad Budapest 2024"]
[Site "Budapest"]
[Date "2024.09.11"]
[Round "1"]
[Board "2"]
[White "Al Balushi, Mariya"]
[Black "De Rycke, Tyani"]
[Result "0-1"]
[WhiteElo "1561"]
[BlackElo "2110"]
[PlyCount "50"]
[EventDate "2024.09.11"]
[EventType "team-tourn"]
[EventRounds "11"]
[EventCountry "HUN"]
[WhiteTeam "Oman"]
[BlackTeam "Belgium"]
[WhiteTeamCountry "OMN"]
[BlackTeamCountry "BEL"]

1. e4 c5 2. Nf3 Nc6 3. d3 g6 4. g3 Bg7 5. Bg2 e6 6. O-O Nge7 7. Nbd2 O-O 8. Re1 d5 9. Nf1 Qc7 ({RR} 9... dxe4 10. dxe4 b6 11. c3 Ba6 12. Qa4 Qc8 13. Rd1 b5 14. Qc2 Qc7 15. Be3 Na5 16. a4 Nc4 17. Bf4 e5 18. axb5 Bxb5 19. Bc1 Nb6 20. Be3 c4 21. b3 Qc6 22. N1d2 cxb3 23. Nxb3 Ba4 24. Nfd2 {1-0 Sedina,E (2400)-Maksimenko,A (2545) Nova Gorica op 02nd 1997 (6)}) 10. h4 ({RR} 10. exd5 Nxd5 11. c3 b6 12. Qc2 Ba6 13. Ne3 Rfd8 14. Ng4 Rac8 15. Bg5 f6 16. Bh6 e5 17. Bxg7 Qxg7 18. Rad1 Rd7 19. Ne3 Nde7 20. Qa4 Bb7 21. Bh3 f5 22. Nc2 Rcd8 23. Qb3+ Kh8 24. Ng5 Nd5 {1-0 Bella,J (1806)-Prado,L (2050) Rio Grande Domingo op 20th blitz 2020 (4)}) 10... h6 $146 ({RR} 10... Rd8 11. exd5 Nxd5 12. Bg5 Re8 13. Rb1 b6 14. Qd2 Ba6 15. Ne3 Nxe3 16. Bxe3 Nb4 17. Bf4 Qd8 18. a3 Nd5 19. Bh6 Qc7 20. Bxg7 Kxg7 21. Ng5 Rad8 22. Qe2 Nf6 23. Ne4 Nxe4 24. Qxe4 Rd4 25. Qe5+ {0-1 Aguinaga Garijo,D-Olabe Odriozola,E (1857) Euskadi-chT Bergara 2010 (1.1)}) ({RR} 10... Rd8 11. Qe2 dxe4 12. dxe4 Nd4 13. Nxd4 cxd4 14. Nh2 e5 15. h5 Be6 16. hxg6 hxg6 17. Ng4 Rac8 18. Bg5 Rf8 19. Nf6+ Kh8 20. Rac1 Ng8 21. Ng4 f6 22. Bd2 Qc4 23. Qd1 Qxa2 24. Bf3 Ne7 25. Kg2 {1-0 Wuebbeke,C-Heidel,A (2085) NRW-chT U18 9899 1998 (5)}) ({RR} 10... Rd8 11. N1h2 c4 12. d4 dxe4 13. Rxe4 f5 14. Re1 Nxd4 15. Nxd4 Rxd4 16. Qe2 e5 17. Be3 Rd8 18. Bg5 Re8 19. Rad1 Be6 20. c3 Nc6 21. h5 h6 22. Bc1 g5 23. f3 Rad8 24. g4 f4 25. Rxd8 {0-1 Maerz,J (1439)-Ma,B (1630) GER-ch U12 Willingen 2005 (6)}) 11. N1h2 dxe4 12. Rxe4 f5 13. Re2 e5 14. Qe1 Be6 15. Bh3 Bd5 16. Bg2 e4 17. dxe4 fxe4 18. Nd2 Nd4 19. Nxe4 Nxe2+ 20. Qxe2 Qc6 21. Ng4 Nf5 22. c4 Bxe4 23. Bxe4 Rae8 24. Bd5+ Qxd5 25. Qxe8 Qd1+ 0-1

[Event "45th Olympiad Budapest 2024"]
[Site "Budapest"]
[Date "2024.09.11"]
[Round "1"]
[Board "4"]
[White "Al Ghafri, Alanoud"]
[Black "Musabayeva, Diana"]
[Result "0-1"]
[WhiteElo "1546"]
[BlackElo "1911"]
[PlyCount "118"]
[EventDate "2024.09.11"]
[EventType "team-tourn"]
[EventRounds "11"]
[EventCountry "HUN"]
[WhiteTeam "Oman"]
[BlackTeam "Belgium"]
[WhiteTeamCountry "OMN"]
[BlackTeamCountry "BEL"]

1. e4 c5 2. Nf3 d6 3. d4 cxd4 4. Qxd4 e5 5. Bb5+ Nd7 6. Qd3 a6 7. Ba4 $146 ({RR} 7. Bxd7+ Bxd7 8. Nc3 h6 9. a4 Nf6 10. Nd2 Be7 11. Nc4 Be6 12. Be3 Bxc4 13. Qxc4 Rc8 14. Qb3 Qc7 15. O-O O-O 16. f3 Qc6 17. Rf2 Rfd8 18. Rd1 Rd7 19. Nd5 Nxd5 20. Rxd5 Qc4 21. Qxc4 Rxc4 {½-½ Yukhtman,J-Levitsky,S UKR-ch33 Final 1964 (16)}) ({RR} 7. Bxd7+ Bxd7 8. c4 Rc8 9. O-O b5 10. Na3 Qb6 11. Rd1 Qb7 12. Bg5 h6 13. Bh4 g5 14. Bg3 Nf6 15. Nd2 Be7 16. b3 Nh5 17. cxb5 axb5 18. Nc2 Be6 19. a4 bxa4 20. bxa4 O-O 21. Rdb1 Qa8 {½-½ Ponomariov,R (2723)-Volokitin,A (2695) San Sebastian KO GpA 2011 (5)}) ({RR} 7. Bxd7+ Bxd7 8. Nc3 Rc8 9. a4 h6 10. Be3 Nf6 11. h3 Be6 12. Qd2 Bc4 13. b3 Be6 14. Qd3 Qc7 15. Bd2 Be7 16. O-O O-O 17. Rac1 Rfd8 18. Qe2 d5 19. exd5 Nxd5 20. Nxd5 Bxd5 21. Nxe5 Ba3 {0-1 Bashylina,L (1917)-Pauly,C (2269) BL2-West 1920 2019 (6.8)}) ({RR} 7. Bxd7+ Qxd7 8. c4 f5 9. Nc3 Nf6 10. Bg5 fxe4 11. Nxe4 Nxe4 12. Qxe4 Qc6 13. Qxc6+ bxc6 14. O-O h6 15. Bh4 Bb7 16. Rfe1 c5 17. Nd2 g5 18. Bg3 Be7 19. Ne4 O-O-O 20. Rad1 h5 21. h3 Rh6 {0-1 Hug,W-Horvath,T Schilde op U18 5th 1969 (8)}) ({RR} 7. Bxd7+ Bxd7 8. Nc3 h6 9. Be3 Nf6 10. h3 Rc8 11. O-O Be7 12. Rfe1 O-O 13. Rad1 b5 14. a3 Qc7 15. Rc1 Qb7 16. Nd2 Be6 17. f3 d5 18. exd5 Nxd5 19. Nxd5 Bxd5 20. Bf2 Rfd8 21. Qe2 Bg5 {½-½ Licayan,A (2187)-Birens,E (2104) Paris-ch op-B 2005 (3)}) 7... Ngf6 8. Bg5 b5 9. Bxf6 Qxf6 10. Qd5 Rb8 11. Bb3 Bb7 12. Qd3 Nc5 13. Qe3 Nxe4 14. Nc3 Nxc3 15. Qxc3 Be7 16. O-O-O O-O 17. Bd5 Rfc8 18. Qb3 Bxd5 19. Rxd5 Qf4+ 20. Kb1 Qc4 21. Nd2 Qxb3 22. Nxb3 Rc7 23. Re1 Rbc8 24. c3 Rc4 25. Nd2 R4c5 26. Rd3 f5 27. g3 Kf7 28. h4 R5c6 29. Rf3 g6 30. h5 Kg7 31. Kc2 e4 32. Rfe3 d5 33. Nb3 Bf6 34. Rd1 Rd6 35. f3 Rc4 36. fxe4 Rxe4 37. Red3 Be5 38. Rxd5 Re2+ 39. Kb1 Rxd5 40. Rxd5 Bxg3 41. hxg6 hxg6 42. Nd4 Re4 43. Rd7+ Kh6 44. Ra7 Bf2 45. Rxa6 Bxd4 46. cxd4 Rxd4 47. Rb6 b4 48. Kc2 f4 49. Re6 Kh5 50. Re2 f3 51. Rd2 Rxd2+ 52. Kxd2 Kg4 53. Ke1 Kg3 54. Kf1 f2 55. a3 bxa3 56. bxa3 g5 57. a4 g4 58. a5 Kf3 59. a6 g3 0-1

[Event "45th Olympiad Budapest 2024"]
[Site "Budapest"]
[Date "2024.09.11"]
[Round "1"]
[Board "1"]
[White "Alazmi, Amani"]
[Black "Sulyok, Eszter"]
[Result "0-1"]
[WhiteElo "1673"]
[BlackElo "2080"]
[PlyCount "80"]
[EventDate "2024.09.11"]
[EventType "team-tourn"]
[EventRounds "11"]
[EventCountry "HUN"]
[WhiteTeam "Kuwait"]
[BlackTeam "Hungary C"]
[WhiteTeamCountry "KUW"]

1. c4 c5 2. Nc3 g6 3. g3 Bg7 4. Bg2 Nc6 5. e3 e5 6. Nge2 Nge7 7. O-O O-O 8. b3 d6 9. Bb2 a6 10. Rb1 $146 ({RR} 10. Nd5 Nxd5 11. cxd5 Ne7 12. Rc1 b6 13. f4 Bb7 14. e4 Qd7 15. fxe5 dxe5 16. Kh1 f5 17. d3 Rf7 18. Ng1 Raf8 19. Nf3 fxe4 20. dxe4 Nc8 21. Qd3 Nd6 22. Nxe5 Rxf1+ 23. Rxf1 Rxf1+ 24. Qxf1 Qe7 {1-0 Lengyel,L-Van den Berg,C Hoogovens Beverwijk 1964 (15)}) ({RR} 10. d3 Rb8 11. Qd2 b5 12. f4 Bd7 13. Ne4 Bf5 14. Nf2 Be6 15. fxe5 dxe5 16. Rfd1 f5 17. Rac1 bxc4 18. dxc4 Qxd2 19. Rxd2 Rfd8 20. Rcd1 Rxd2 21. Rxd2 Kf7 22. Nd3 Rd8 23. Bc3 e4 24. Nxc5 Rxd2 {½-½ Demidov,M (2556)-Timofeev,A (2586) RUS Cup final 2021 (2.5)}) ({RR} 10. d3 Rb8 11. Nd5 Nxd5 12. cxd5 Ne7 13. Qd2 b5 14. b4 Bb7 15. e4 cxb4 16. Qxb4 a5 17. Qd2 Qb6 18. Kh1 b4 19. a4 Ba6 20. f3 f5 21. h4 Rbc8 22. Rac1 f4 23. g4 g5 24. h5 Qa7 {0-1 Chidvilash,S (2220)-Boder,J (2349) 22nd Spilimbergo Open 2024 (5.23)}) ({RR} 10. d3 Rb8 11. Qd2 b6 12. Nd5 Nxd5 13. Bxd5 Ne7 14. Bg2 d5 15. cxd5 Nxd5 16. d4 cxd4 17. exd4 exd4 18. Bxd4 Nf6 19. Qb2 Bb7 20. Nf4 Bxg2 21. Nxg2 Rb7 22. Ne3 Rd7 23. Rad1 h5 24. Be5 Ne8 {½-½ Filip,M-Shamkovich,L Marianske Lazne 1965 (4)}) ({RR} 10. d3 Rb8 11. Qd2 Qa5 12. Rfd1 b5 13. Nd5 Qxd2 14. Nxe7+ Nxe7 15. Rxd2 Bb7 16. Nc3 Bxg2 17. Kxg2 {½-½ Hort,V-Bobotsov,M Olympiad-17 Final A 1966 (9)}) 10... Rb8 11. a4 Bf5 12. Rc1 Nb4 13. e4 Be6 14. d3 Nec6 15. Rb1 Qd7 16. Nd5 b5 17. f4 f5 18. Kh1 bxa4 19. bxa4 Rb7 20. Bc3 a5 21. Nxb4 cxb4 22. Ba1 fxe4 23. Bxe4 d5 24. cxd5 Bxd5 25. fxe5 Rxf1+ 26. Qxf1 Bxe4+ 27. dxe4 Qd3 28. Rd1 Qxe4+ 29. Kg1 b3 30. Nc3 Qe3+ 31. Kh1 Rf7 32. Qc4 Qf3+ 33. Kg1 Bxe5 34. Rd7 Bd4+ 35. Rxd4 Nxd4 36. Qc8+ Kg7 37. Qc4 Qf2+ 38. Kh1 Qf1+ 39. Qxf1 Rxf1+ 40. Kg2 Rxa1 0-1

[Event "45th Olympiad Budapest 2024"]
[Site "Budapest"]
[Date "2024.09.11"]
[Round "1"]
[Board "2"]
[White "Toth, Lili"]
[Black "Alazemi, Aisha"]
[Result "0-1"]
[WhiteElo "2105"]
[BlackElo "1547"]
[PlyCount "62"]
[EventDate "2024.09.11"]
[EventType "team-tourn"]
[EventRounds "11"]
[EventCountry "HUN"]
[WhiteTeam "Hungary C"]
[BlackTeam "Kuwait"]
[BlackTeamCountry "KUW"]

1. e4 e5 2. Nf3 Nc6 3. Bc4 Bc5 4. d3 Qe7 5. a4 $146 ({RR} 5. O-O h6 6. Nc3 Nf6 7. Nb5 d6 8. c3 Bg4 9. b4 Bb6 10. Na3 a6 11. Nc2 Nh7 12. h3 Bd7 13. Be3 g5 14. g4 h5 15. Nh2 hxg4 16. hxg4 O-O-O 17. f3 Nf8 18. Bxb6 cxb6 19. d4 Ng6 {0-1 Puttfarken,J (1022)-Raedisch,P (1659) Lucky op 2nd 1999 (8)}) ({RR} 5. O-O Nf6 6. d4 Bb6 7. d5 Nd8 8. Bg5 h6 9. Bxf6 Qxf6 10. Nbd2 O-O 11. a3 d6 12. Re1 Bg4 13. b4 a6 14. Be2 Re8 15. c4 Ba7 16. Rc1 Bxf3 17. Bxf3 c5 18. b5 a5 19. a4 b6 {½-½ Razafindrabe,B (1170)-Banda,N (1493) Antananarivo zt 4.3 (Women) 2019 (3)}) ({RR} 5. Nc3 Nf6 6. Bg5 O-O 7. Nd5 Qd6 8. Nxf6+ gxf6 9. Bh6 Re8 10. Nh4 f5 11. Qh5 Qf6 12. Bg5 Qg7 13. exf5 Be7 14. Bh6 Qf6 15. Nf3 Kh8 16. Bxf7 Nd4 17. Nxd4 exd4 18. Bxe8 Bb4+ 19. Kd1 d6 {1-0 Lynge,T (1669)-Hein,J (1305) Politiken Cup 24th 2002 (3)}) ({RR} 5. Nc3 Nf6 6. Bg5 h6 7. Nd5 Qd6 8. Bxf6 gxf6 9. Nh4 Nd4 10. c3 c6 11. cxd4 cxd5 12. dxc5 Qxc5 13. Bxd5 Qb4+ 14. Qd2 Qxd2+ 15. Kxd2 Rg8 16. g3 Rb8 17. Nf5 Rf8 18. Rac1 b5 19. b4 a6 {1-0 Ortiz,K-Hoareau,R Olympiad Women-39 2010 (7.57)}) 5... a5 6. Nc3 Nb4 7. O-O d6 8. Ng5 Nh6 9. h3 c6 10. Kh1 Be6 11. Nxe6 fxe6 12. Bxh6 gxh6 13. Qh5+ Kd7 14. f4 Rhf8 15. f5 Nxc2 16. Bxe6+ Kc7 17. Rac1 Nd4 18. Ba2 Rf6 19. Nd1 Qg7 20. Nf2 Kb6 21. Kh2 Rd8 22. Ng4 Ne2 23. Rce1 Nf4 24. Rxf4 exf4 25. Nxf6 Qg3+ 26. Kh1 Qxe1+ 27. Kh2 Bf2 28. h4 Qg1+ 29. Kh3 Qh1+ 30. Kg4 Qxg2+ 31. Kxf4 Qg3# 0-1

[Event "45th Olympiad Budapest 2024"]
[Site "Budapest"]
[Date "2024.09.11"]
[Round "1"]
[Board "4"]
[White "Sipos, Stefania"]
[Black "Ajbali, Ghaleyah"]
[Result "1-0"]
[WhiteElo "1993"]
[BlackElo "1513"]
[PlyCount "61"]
[EventDate "2024.09.11"]
[EventType "team-tourn"]
[EventRounds "11"]
[EventCountry "HUN"]
[WhiteTeam "Hungary C"]
[BlackTeam "Kuwait"]
[BlackTeamCountry "KUW"]

1. e4 c6 2. d4 d5 3. e5 Bf5 4. g4 Bg6 5. e6 ({RR} 5. Nh3 e6 6. Nf4 Be4 7. f3 Qh4+ 8. Ke2 Bg6 9. Be3 Nd7 10. c3 Qd8 11. h4 Bxb1 12. Rxb1 c5 13. Kf2 cxd4 14. cxd4 Ne7 15. Qb3 Rb8 16. Qa4 a6 17. Rc1 Nc6 18. g5 Be7 19. Bd3 Nb6 {0-1 Morozevich,A (2678)-Topalov,V (2743) Amber-rapid 12th 2003 (10)}) 5... fxe6 6. h4 c5 $146 ({RR} 6... Qd6 7. h5 Bf7 8. f4 c5 9. c3 Nc6 10. Nf3 Nf6 11. Ne5 cxd4 12. Nxc6 bxc6 13. cxd4 Ne4 14. Nc3 Ng3 15. Rh3 Nxf1 16. Kxf1 h6 17. Be3 g6 18. Na4 gxh5 19. gxh5 Bg7 20. Nc5 Rb8 21. b3 {1-0 Macak,S (2214)-Rezak,M (2110) Tatry op Tatranske Zruby 2001 (5)}) ({RR} 6... h5 7. Bd3 Bxd3 8. Qxd3 hxg4 9. Qg6+ Kd7 10. Qxg4 Nf6 11. Qh3 c5 12. Nf3 Nc6 13. dxc5 Qa5+ 14. c3 Qxc5 15. Nbd2 g6 16. Nb3 Qd6 17. Ng5 Bh6 18. Nf7 Qb8 19. Bxh6 Rh7 20. Nc5+ Ke8 21. Qxe6 {1-0 Hungaski,R (2471)-Mrudul,D (1968) Titled Tue 16th Jan Early 2024 (5)}) ({RR} 6... h5 7. Bd3 Bxd3 8. Qxd3 hxg4 9. Ne2 Nf6 10. Nbc3 Qa5 11. Qg6+ Kd7 12. Nf4 Rh6 13. Qf7 Ne4 14. Qxf8 Rf6 15. Qxg7 Nxc3 16. Bd2 Rxf4 17. Bxf4 Ne4+ 18. c3 Qb5 19. Bg5 Kc7 20. Qxe7+ Nd7 21. Bf4+ {0-1 Bodnaruk,A (2340)-Mizzi,J (2043) Titled Tue 28th Nov Early 2023 (8)}) ({RR} 6... Nf6 7. g5 Ne4 8. h5 Bf5 9. Nd2 Nxg5 10. Ngf3 Nxf3+ 11. Nxf3 Qd6 12. Ne5 Nd7 13. Nxd7 Kxd7 14. f4 Rc8 15. c3 g5 16. Qd2 gxf4 17. Qxf4 Qxf4 18. Bxf4 Bg7 19. Kd2 Rhf8 20. Be3 Rf7 21. Be2 {0-1 Brito Carrascal,I (1599)-Sanchez Riobo,E (1361) COL-ch U20 Girls 2022 (4)}) 7. h5 Bf7 8. g5 cxd4 9. g6 hxg6 10. hxg6 Rxh1 11. gxf7+ Kxf7 12. Qf3+ Nf6 13. Qxh1 Qd6 14. Nf3 Nc6 15. Ng5+ Ke8 16. Bh3 Nd8 17. Qf3 Rc8 18. Na3 Qb4+ 19. Kd1 Rc6 20. Qd3 Kd7 21. Nf3 Ne4 22. Ke2 Nc5 23. Qxd4 Qxd4 24. Nxd4 Rc8 25. Bf4 g6 26. c3 Nf7 27. b4 Ne4 28. Bxe6+ Kd8 29. Bxc8 Kxc8 30. Ne6 Nxc3+ 31. Kd3 1-0